| 000 | 01057cab a2200325 4500 | ||
|---|---|---|---|
| 001 | ABS54142 | ||
| 008 | 090401t1995 xxu||||| |||| 00| 0 eng d | ||
| 035 | _a(Sirsi) u8769 | ||
| 041 | _aeng | ||
| 245 | _aInner tubes | ||
| 260 | _c1995 | ||
| 350 | _a0 | ||
| 490 |
_aBuilding _v260(7919) 1 December 1995, 41-52(9) |
||
| 520 | _aA look at the services industry, the importance of services and the problems that can arise if not tested properly. | ||
| 650 | _aBUILT ENVIRONMENT-BUILDING ELEMENTS-COMPLETE BUILDING SERVICES ELEMENTS-COMPLETE HEATING, VENTILATION AND AIR CONDITIONING SYSTEMS | ||
| 650 |
_aBlock management _96220 |
||
| 650 | _aCHARLES RENNIE MACKINTOSHS GLASGOW SCHOOL OF ART | ||
| 650 | _aCOMMISSIONING BUILDING SERVICES | ||
| 650 | _aGLASGOW | ||
| 650 | _aHEATING SYSTEMS | ||
| 650 | _aLIFT PERFORMANCE | ||
| 650 | _aLIFTS | ||
| 650 | _aPLASTIC PIPES | ||
| 650 | _aRIDE COMFORT | ||
| 650 | _aVENTILATION SYSTEMS | ||
| 650 | _aWATER JETTING | ||
| 690 |
_aBlock management _96220 |
||
| 942 | _n0 | ||
| 948 | _c04/03/1997 | ||
| 999 |
_c5436 _d5436 |
||